| 000 | 00898nam a2200265 a 4500 | ||
|---|---|---|---|
| 001 | 24770 | ||
| 003 | CO-ViMGA | ||
| 005 | 20230915232017.0 | ||
| 008 | 141112s2004 ck r 000 u spa d | ||
| 015 | _ack - 2000 - xxxx | ||
| 035 | _aAHJ7461 LA | ||
| 040 |
_aCO-ViMGA _bspa _cCO-ViMGA |
||
| 041 | _aspa | ||
| 043 | _as - ck - - - | ||
| 082 | 0 | 4 | _a781.45 G65m |
| 100 | 1 |
_aGómez Díaz, Francisco A. _936996 |
|
| 245 | 1 | 0 |
_aManual colombiano de teoría y gramática musical Braille [texto braile] / _cFrancisco A. Gómez Díaz. |
| 260 |
_aBogotá : _bInstituto Nacional para Ciegos, _c2000. |
||
| 300 | _a2 v. ; 31 cm. | ||
| 500 | _aEn imprenta/braille. | ||
| 650 | 1 | 4 |
_aGramática musical Braille. _936997 |
| 942 |
_2ddc _cBK |
||
| 949 | _ac c | ||
| 999 |
_c32572 _d32572 |
||